000 01255nam a22003737a 4500
003 CHAP
005 20220329143341.0
008 081112s2005 mx r 00010 spa d
010 _a95369
011 _a96341
020 _a950518834X
035 _a106992
040 _cCHAP
082 0 0 _a371.1
_bA83
100 1 _aAugustowksy, Gabriela
_98329
245 1 4 _aLas paredes del aula
_b/por Gabriela Augustowksy
260 _aBuenos Aires :
_bAmorrortu,
_c2005
300 _a150 p. :
_bilus.
490 0 _aNueva enseñanza, nuevas prácticas
590 _aBATCH-UPD
_b10
_c20130110
_lUCH01
_h0454
590 _aBATCH-UPD
_b10
_c20130410
_lUCH01
_h0132
590 _aBATCH-UPD
_b10
_c20130914
_lUCH01
_h0426
590 _aCONVERSION
_b10
_c20130109
_lUCH01
_h1353
650 1 4 _aEducación.
_935409
650 1 4 _aEducación
_xEstudio y enseñanza.
_935443
650 1 4 _aEducación
_xFilosofía.
_935446
650 1 4 _aEnseñanza
_xMetodología.
_937086
830 0 _aNueva enseñanza, nuevas prácticas
_982137
901 _aBK
905 _aluisgm
942 _cLIBRO
949 _a371.1 A83
_bBC
_cLIBRO
_d33724002069941
_eLIBRO
_fc.2
_gI e/c
_h109883
_i106992
_sb
_t159.25
949 _a371.1 A83
_bBC
_cLIBRO
_d33724002069983
_eLIBRO
_gI e/c
_h109882
_i106992
_sb
_t$159.25
999 _c95369
_d95369